[Event "Pilsen Region-chT 2223"]
[Site "Czech Republic"]
[Date "2023.01.29"]
[Round "7.7"]
[White "Zdrahal, Vaclav"]
[Black "Simek, Milan"]
[Result "1-0"]
[WhiteElo "1810"]
[BlackElo "1844"]
[PlyCount "87"]
[EventDate "2022.10.09"]
[EventType "team-tourn"]
[EventRounds "11"]
[EventCountry "CZE"]
[SourceTitle "EXT 2024"]
[Source "ChessBase"]
[SourceDate "2023.10.10"]
[SourceVersion "1"]
[SourceVersionDate "2023.10.10"]
[SourceQuality "1"]
[WhiteTeam "Petrin"]
[BlackTeam "Kozolupy Sakal"]
[WhiteTeamCountry "CZE"]
[BlackTeamCountry "CZE"]

1. e4 e5 2. Nf3 Nc6 3. Bb5 a6 4. Ba4 Nf6 5. 0-0 b5 6. Bb3 Be7 7. a4 Bb7 8. axb5 axb5 9. Rxa8 Qxa8 10. Nc3 Ba6 11. Nd5 Qb7 12. Nxe7 Kxe7 13. Re1 d6 14. d4 h6 15. Bd5 Nxd5 16. exd5 Nb4 17. dxe5 Rd8 18. exd6+ Kf8 19. dxc7 Qxc7 20. c3 Nxd5 21. Qb3 Nf6 22. Be3 Kg8 23. Bd4 Nd5 24. Be5 Qd7 25. h3 f6 26. Bg3 Kh8 27. Ra1 Bb7 28. Ra7 Ra8 29. Rxa8+ Bxa8 30. c4 Nc7 31. Bxc7 Qxc7 32. Qxb5 Bc6 33. Qc5 Qb7 34. Nh4 g5 35. Qf8+ Kh7 36. Nf5 Bxg2 37. Qxh6+ Kg8 38. Qg6+ Kh8 39. Qxf6+ Kh7 40. Qh6+ Kg8 41. Qxg5+ Kf8 42. Qf6+ Kg8 43. Ne7+ Kh7 44. Qf7+ 1-0